La educación y la informatización de la sociedad / (Record no. 144943)

MARC details
000 -LEADER
campo de control de longitud fija 00748nam a2200229 4500
001 - NÚMERO DE CONTROL
campo de control 144943
003 - IDENTIFICADOR DE NÚMERO DE CONTROL
campo de control ES-MaACL
005 - FECHA Y HORA DE LA ÚLTIMA TRANSACCIÓN
campo de control 20250928114916.0
007 - CAMPO FIJO DE DESCRIPCIÓN FÍSICA--INFORMACIÓN GENERAL
campo de control de longitud fija t|
008 - DATOS DE LONGITUD FIJA--INFORMACIÓN GENERAL
campo de control de longitud fija 070214s1983 sp |||| | spa d
080 ## - NÚMERO DE LA CLASIFICACIÓN DECIMAL UNIVERSAL
Número de la Clasificación Decimal Universal 301.153.2:37
100 1# - ENTRADA PRINCIPAL--NOMBRE DE PERSONA
Nombre de persona Simon, J.-C.
9 (RLIN) 148286
245 13 - MENCIÓN DEL TÍTULO
Título La educación y la informatización de la sociedad /
Mención de responsabilidad, etc. Jean-Claude Simon ; traducción de Guillermo Solana.
260 ## - PUBLICACIÓN, DISTRIBUCIÓN, ETC.
Lugar de publicación, distribución, etc. Madrid :
Nombre del editor, distribuidor, etc. Narcea,
Fecha de publicación, distribución, etc. 1983.
300 ## - DESCRIPCIÓN FÍSICA
Extensión 268 p. ;
Dimensiones 24 cm.
490 1# - MENCIÓN DE SERIE
Mención de serie Educación hoy. Estudios
650 #4 - PUNTO DE ACCESO ADICIONAL DE MATERIA--TÉRMINO DE MATERIA
Término de materia o nombre geográfico como elemento de entrada Enseñanza asistida por ordenador.
9 (RLIN) 12300
700 1# - ENTRADA AGREGADA--NOMBRE PERSONAL
Nombre de persona Solana, Guillermo,
Fechas asociadas al nombre 1930-2004
9 (RLIN) 107067
830 00 - PUNTO DE ACCESO ADICIONAL DE SERIE-TÍTULO UNIFORME
Título uniforme Colección educación hoy (Narcea)
9 (RLIN) 220320
852 ## - LOCALIZACIÓN
Ubicación ES-MaACL
Número de control de estantería L-5830
Holdings
Estatus retirado Estado de pérdida Estado de daño No para préstamo Biblioteca de origen Biblioteca actual Ubicación en estantería Fecha de adquisición Fuente de adquisición Total de préstamos Signatura topográfica completa Código de barras Visto por última vez Precio de reemplazo Tipo de ítem Koha
        Biblioteca del Ateneo de Madrid Biblioteca del Ateneo de Madrid Depósito 2 17/01/2008     L-5830 1151245 23/02/2023 23/02/2023 Libro impreso